000 00936cam a2200289 i 4500
001 bg
003 KOSZ 005
005 20210218130031.0
008 980713s1997 pl a f f |000 0 pol
015 _aPB 1997/8621
020 _a8387198110
040 _aWA N
_cKOSZ 005/HR
_dKOSZ 005/HR
080 _a001.894
080 _a(075.8)
100 1 _aPomykalski, Andrzej
_eAutor
245 1 0 _aInnowacje /
_cAndrzej Pomykalski ; Politechnika Łódzka.
260 _aŁódź :
_bWydaw. PŁ,
_c1997.
300 _a222 s. :
_brys., wykr. ;
_c23 cm.
504 _aBibliogr. s. 218-222.
655 4 _aPodręczniki akademickie
650 4 _aDecyzje
650 4 _aInnowacje
650 4 _aTransfer technologii
710 2 _aPolitechnika Łódzka
_bWydawnictwo.
_4pbl.
856 _uhttp://koha.tu.koszalin.pl/cgi-bin/koha/opac-detail.pl?biblionumber=31602
_yKatalog online BPK
942 _2UKD
_cKS
999 _c31602
_d31602